| 000 | 00000nam 2200000zi 4500 |
| 001 | 9.947280 |
| 003 | CaOODSP |
| 005 | 20250303105517 |
| 006 | m o d f |
| 007 | cr cn||||||||| |
| 008 | 250122t20252025onc ob f000 0 fre d |
| 020 | |a9780660753829 |
| 040 | |aCaOODSP|bfre|erda|cCaOODSP |
| 043 | |an-cn--- |
| 086 | 1 |aH164-273/2025F-PDF |
| 245 | 00|aLigne directrice : |bexigences réglementaires associées à une identification numérique attribuée à une drogue (DIN). |
| 246 | 17|aExigences réglementaires associées à une identification numérique attribuée à une drogue (DIN) |
| 250 | |a[Édition de 2025/02/18]. |
| 264 | 1|aOttawa, Ontario : |bSanté Canada = Health Canada, |c2025. |
| 264 | 4|c©2025 |
| 300 | |a1 ressource en ligne (27 pages) |
| 336 | |atexte|btxt|2rdacontent/fre |
| 337 | |ainformatique|bc|2rdamedia/fre |
| 338 | |aressource en ligne|bcr|2rdacarrier/fre |
| 500 | |aTitre de la couverture. |
| 500 | |a« Date de publication : février 2025. » |
| 500 | |a« Date d'adoption : 2019/05/03 ; Date d'entrée en vigueur : 2019/05/03 ; Date des changement de nature administrative : 2025/02/18. » |
| 500 | |aPublié aussi en anglais sous le titre : Guidance document : regulatory requirements for drug identification numbers (DINs). |
| 504 | |aComprend des références bibliographiques. |
| 650 | 6|aMédicaments|xÉtiquetage|zCanada. |
| 710 | 1 |aCanada. |bSanté Canada, |eorganisme de publication. |
| 775 | 08|tGuidance document : |w(CaOODSP)9.947279 |
| 795 | |tLigne directrice : |b[Édition de 2024/07/15]|w(CaOODSP)9.939767 |
| 856 | 40|qPDF|s936 Ko|uhttps://publications.gc.ca/collections/collection_2025/sc-hc/H164-273-2025-fra.pdf |
| 986 | |a240808 |